Pilotes de Formule 4 France 2026 par numéros - Statistiques

Statistiques générales
  • Ce quiz a été pris 5 fois
  • Le résultat moyen est 15 sur 32
Statistiques - réponses
Hint Réponse % Correct
95 Jade Jacquet
100%
19 Guillaume Bouzar
80%
14 Lisa Billard
80%
83 Annabelle Brian
60%
57 Autumn Fisher
60%
11 Isabella Abreu
60%
44 Jack Iliffe
60%
8 Jimmy Hélias
60%
79 Thibaut Ramaekers
60%
68 Wojtek Woda
60%
9 Yuval Rosen
60%
23 Angelina Proenca
40%
7 Arthur Eschalier
40%
5 Clara Stiebleichinger
40%
12 Héloïse Goldberg
40%
47 Hugo Herrouin
40%
50 Kota Tsuchihashi
40%
4 Kyler Cheezum
40%
13 Lewis Francis
40%
10 Lilian Soares
40%
17 Maverick McKenna
40%
21 Nicolas Pasquier
40%
42 Oscar Goudchaux
40%
30 Paul Gleizes
40%
99 Sasha Beisemann
40%
56 Shane Chandaria
40%
26 Sofia Zanfari
40%
53 Thomas Senecloze
40%
27 Tom Dussol
40%
28 Ginevra Panzeri
20%
88 Jules Avril
20%
29 Matthéo Dauvergne
20%
Aucun quiz correspondant
Distribution des résultats
% des personnes avec chaque résultat
Percentile par nombre de réponses
Votre historique - résultats
Vous n’avez pas pris ce quiz